000 00479nam a2200169Ia 4500
999 _c31471
_d31471
003 OSt
005 20250825125741.0
008 250310s9999||||xx |||||||||||||| ||und||
040 _c.
082 _a378.16
_bS9493
100 _96383
_aSullivan, Patricia N.
245 0 _aSupercourse for the Toefl /
_cPatricia N. Sullivan and Grace Y. Q. Zhong
260 _aNew York :
_bPrentice hall press,
_c1990.
300 _a657 p.
700 _96384
_aZhong, Grace Y. Q.
942 _cBK
_2ddc